KOHA-Header-6

Introduction to Software Testing (Record no. 13939)

000 -LEADER
fixed length control field 00322nam a22001337a 4500
020 ## - INTERNATIONAL STANDARD BOOK NUMBER
ISBN 9781107172012
082 ## - DEWEY DECIMAL CLASSIFICATION NUMBER
Classification number 005
100 ## - MAIN ENTRY--AUTHOR NAME
Personal name Paul Ammann & Jeff Offutt
245 ## - TITLE STATEMENT
Title Introduction to Software Testing
250 ## - EDITION STATEMENT
Edition statement 2nd edition
260 ## - PUBLICATION, DISTRIBUTION, ETC. (IMPRINT)
Place of publication UK
Name of publisher Cambridge University Press
Year of publication 2023
300 ## - PHYSICAL DESCRIPTION
Number of Pages 345 pages
942 ## - ADDED ENTRY ELEMENTS (KOHA)
Koha item type Books
Holdings
Withdrawn status Lost status Collection code Permanent Location Current Location Shelving location Date acquired Full call number Accession Number Koha item type
    Computer Science MAJU MAJU Shelf No.A32 2024-05-30 005 11029 Books

Powered by Koha